Crítica de la teoría Burguesa de la comunicación de masas
Сохранить в:
| Главный автор: | |
|---|---|
| Формат: | |
| Язык: | испанский |
| Опубликовано: |
Madrid
De la Torre
1982
|
| Редактирование: | 1a. ed |
| Серии: | Serie Comunicación, Nuestro Mundo, 9
|
| Предметы: | |
| Метки: |
Добавить метку
Нет меток, Требуется 1-ая метка записи!
|
MARC
| LEADER | 00000nam a2200000 a 4500 | ||
|---|---|---|---|
| 001 | UCJ8992 | ||
| 003 | CL-VaPUC | ||
| 008 | 070126e19820300SP |||||||||||||||||spa|d | ||
| 020 | |a 8485866207 | ||
| 082 | 0 | 4 | |a 302.23 |b BIS |2 21 |
| 100 | 0 | |a Bisky, Lothar |e author |9 518850 | |
| 245 | 1 | 0 | |a Crítica de la teoría Burguesa de la comunicación de masas |
| 250 | |a 1a. ed | ||
| 300 | |a 222 p | ||
| 942 | |c BK | ||
| 945 | |d 20070126 00:00:00 |a lvergara | ||
| 260 | |a Madrid |b De la Torre |c 1982 | ||
| 650 | 0 | |a Medios de comunicación de masas |9 257273 | |
| 650 | 7 | |a COMUNICACION DE MASAS |2 CL-VaPUC |9 334823 | |
| 650 | 0 | |a Medios de comunicación |9 257206 | |
| 650 | 0 | |a Influencia social |9 309315 | |
| 650 | 0 | |a Comunicación social |9 334226 | |
| 583 | |a last modification |c 20070126 00:00:00 |k Rodrigo Vera | ||
| 490 | 0 | |a Serie Comunicación, Nuestro Mundo, 9 | |
| 999 | |c 324635 |d 324633 | ||
| 952 | |0 0 |1 0 |4 0 |6 302_230000000000000_BIS_1982 |7 0 |8 A |9 404908 |a BIBTEO |b BIBTEO |d 2019-11-22 |i 4245792 |o 302.23 BIS 1982 |p 4245792 |r 2025-01-17 |w 2019-11-22 |y BK |k ICR | ||